000 00591nam a2200193Ia 4500
005 20250508160834.0
008 008 250505s9999 xx 000 0 eng d
020 _a0-7121-0335-X
037 _aTextual
040 _aFEDL
_beng
_cFEDL
041 _aeng
_2eng
084 _a371.73, FEN
_qFEDL
100 _aFenton Jack Vinten
_9769514
245 0 _aChoice of habit : Poise, free movement and the practical use of thebody
260 _aLondon, UK
_bMacdonald and Co. (Publishers) Ltd
_c1973
300 _ax,94p
942 _cTEXL
_h371.73, FEN
999 _c1366909
_d1366909